| 000 | 01252cam a2200349 a 4500 | ||
|---|---|---|---|
| 001 | 7917010 | ||
| 003 | OSt | ||
| 005 | 20211118154250.0 | ||
| 006 | m d | ||
| 007 | cr n | ||
| 008 | 090206s2009 nyua sb 001 0 eng d | ||
| 020 | _a9781848823242 (hardcover : alk. paper) | ||
| 035 | _a(WaSeSS)ssj0000130427 | ||
| 038 | _akhadija | ||
| 040 |
_aDLC _cDLC _dDLC _dWaSeSS |
||
| 050 | 4 |
_aTJ211.495 _b.Q8 2009 |
|
| 050 | 4 | _aTJ211.35 | |
| 082 |
_a629.8 _bQUZ |
||
| 100 | 1 |
_aQu, Zhihua. _984483 |
|
| 210 | 1 | 0 | _aCooperative control of dynamical systems |
| 245 | 1 | 0 |
_aCooperative Control of Dynamical Systems _bApplications to Autonomous Vehicles / _cZhihua Qu. |
| 260 |
_aNew York : _bSpringer, _c2009. |
||
| 504 | _aIncludes bibliographical references (p. [303]-317) and index. | ||
| 506 | _aLicense restrictions may limit access. | ||
| 563 | _aHardcover | ||
| 650 | 0 |
_aAutonomous robots _xControl systems. _984484 |
|
| 650 | 0 |
_aIntelligent control systems. _984485 |
|
| 773 | 0 | _tSpringerLink ebooks - Engineering (2009) | |
| 856 | 4 | 0 |
_uhttp://www.columbia.edu/cgi-bin/cul/resolve?clio7917010 _zFull text available from SpringerLink ebooks - Engineering (2009) |
| 910 | _aLibrary of Congress record | ||
| 942 |
_2ddc _cBK |
||
| 999 |
_c31879 _d31879 |
||